000 00486nam a2200169Ia 4500
008 230711s9999||||xx |||||||||||||| ||und||
020 _a1-57444-330-5
041 _aENG
082 _a615.1902187
_bHA-P
100 _aHaider,Syed Imtiaz
245 0 _aPharmaceutical Master Validation Plan : the Ultimate Guide to Fda, Gmp, and Glp Compliance
250 _a1st Ed.
260 _c2002
_aNew York
_bInforma Healthcare Publications
300 _a176p.
650 _aPharmacy
942 _cBK
999 _c7108
_d7108